00000000nam##2200000za#4500
0019.613073
003CaOODSP
00520230202144024
007ta
008150406|1996||||xxc|||||     f|0| 0 eng|d
020 |a0-662-24663-2
040 |aCaOODSP|beng
043 |an-cn---
0861 |aH72-22/7-1996E
1102 |aNational Clearinghouse on Family Violence (Canada)‏.
24510|aWife abuse: the impact on children / |cRevised by the London Family Court Clinic.
260 |aOttawa - Ontario : |bHealth Canada. |c1996.
300 |a11p. : |breferences ; |c28 cm.
4901 |aInformation from the National Clearinghouse on Family Violence
590 |a96-21|b1996-05-24
69007|aFamily violence|2gcpds
7760#|tWife abuse - the impact on children |w(CaOODSP)9.572903
830#0|aInformation from the National Clearinghouse on Family Violence.|w(CaOODSP)9.514740